| LDR | | 00000nmm c2200205 c 4500 |
| 001 | | 000000266493 |
| 005 | | 20200710155025 |
| 008 | | 151030s2015 ulk d a kor |
| 020 | |
▼a 9788961672047(전자책)
▼g 05340 |
| 020 | 1 |
▼a 9788961671934(전자책 세트) |
| 020 | |
▼a 9788961671736(종이책)
▼g 03370 |
| 040 | |
▼a 248032
▼c 248032
▼d 248032 |
| 041 | 1 |
▼a kor
▼h eng
▼h fre |
| 056 | |
▼a 370.8
▼2 4 |
| 082 | |
▼a 370.1
▼2 21 |
| 090 | |
▼a 370.8
▼b 루55어2 |
| 245 | 00 |
▼a 에밀
▼h [전자책] :
▼b 인간 혁명의 진원지가 된 교육서 /
▼d 장 자크 루소 지음 ;
▼e 이환 편역 |
| 246 | 1 |
▼i 번역표제:
▼a Emile |
| 246 | 19 |
▼a [Émile] |
| 250 | |
▼a 개정판 |
| 256 | |
▼a 전자 데이터 |
| 260 | |
▼a 서울 :
▼b 돋을새김,
▼c 2015 :
▼f (교보문고,
▼g 2015) |
| 300 | |
▼a 전자책 1책 :
▼b 천연색 |
| 440 | 00 |
▼a 돋을새김 푸른책장 시리즈 ;
▼v 011 |
| 500 | |
▼a 이 책은 영어판의 중역임 |
| 500 | |
▼a 번역저자명: Foxley, Barbara |
| 500 | |
▼a 원저자명: Jean-Jacques Rousseau |
| 516 | |
▼a ePUB |
| 530 | |
▼a 책자형태로 간행: ISBN 9788961671736 |
| 538 | |
▼a 시스템 조건: 해상도 1024*768 |
| 653 | |
▼a 교육론 |
| 700 | 1 |
▼a 루소, 장 자크,
▼d 1712-1778 |
| 700 | 1 |
▼a Rousseau, Jean-Jacques |
| 700 | 1 |
▼a 폭슬리, 바버라 |
| 700 | 1 |
▼a 이환 |
| 776 | 0 |
▼t 에밀,
▼z 9788961671736 |
| 856 | 41 |
▼u http://ebook.kaya.ac.kr:81/Kyobo_T3/Content_check.asp?barcode=4808961671736 |
| 950 | 0 |
▼b \12600 |
| 990 | |
▼a 관리자
▼b 관리자 |